[Event "Mecklenburg VP-chC"]
[Site "Greifswald"]
[Date "2024.03.24"]
[Round "3"]
[White "Kruse, Johannes"]
[Black "Schroeder, Hannes Artur"]
[Result "1-0"]
[WhiteElo "1739"]
[BlackElo "1586"]
[PlyCount "91"]
[EventDate "2024.03.23"]
[EventType "swiss"]
[EventRounds "7"]
[EventCountry "GER"]
[SourceTitle "CB14_2024"]
[SourceDate "2024.04.01"]
[SourceVersion "1"]
[SourceVersionDate "2024.04.01"]
[SourceQuality "1"]

1. e4 e5 2. Nf3 Nc6 3. Bb5 a6 4. Ba4 Bc5 5. 0-0 d6 6. h3 Nf6 7. Re1 Bd7 8. c3 0-0 9. d3 h6 10. Be3 Bxe3 11. Rxe3 Re8 12. Nbd2 Ne7 13. Nf1 Ng6 14. Ng3 Qc8 15. d4 exd4 16. Bxd7 Qxd7 17. Qxd4 Rad8 18. c4 Qc6 19. Rc1 a5 20. Qc3 b6 21. Nd4 Qc5 22. Rf1 Nf4 23. Nde2 Nxe2+ 24. Rxe2 Qe5 25. Qd3 Qc5 26. Nf5 Kh7 27. Nd4 Kg8 28. Kh1 Rd7 29. Nf5 Kh7 30. g4 Qc6 31. f3 g6 32. Ne3 Qc5 33. Nd5 Nxd5 34. cxd5 a4 35. Rc2 Qa5 36. Rc3 Ra8 37. Rfc1 Ra7 38. a3 f6 39. Qd4 Kg7 40. h4 Re7 41. g5 hxg5 42. hxg5 Re5 43. f4 Re8 44. Qxf6+ Kg8 45. Qxg6+ Kf8 46. Qf6+ 1-0

[Event "Greifswald Springer op"]
[Site "Greifswald"]
[Date "2023.10.15"]
[Round "7"]
[White "Decker, Nils1"]
[Black "Kruse, Johannes"]
[Result "0-1"]
[WhiteElo "1357"]
[BlackElo "1559"]
[PlyCount "130"]
[EventDate "2023.10.12"]
[EventType "swiss"]
[EventRounds "7"]
[EventCountry "GER"]
[SourceTitle "Mega2024 Update 01"]
[Source "Chessbase"]
[SourceDate "2023.11.12"]
[SourceVersion "1"]
[SourceVersionDate "2023.11.12"]
[SourceQuality "1"]

1. e4 c5 2. d3 Nc6 3. f4 e6 4. Nf3 d6 5. Be2 Nf6 6. 0-0 Be7 7. Na3 0-0 8. c3 a6 9. Bd2 b5 10. Nc2 Qc7 11. Qe1 d5 12. e5 Nd7 13. Qg3 f6 14. d4 f5 15. Qh3 Nb6 16. b3 Bd7 17. Ng5 Bxg5 18. fxg5 g6 19. Rf3 cxd4 20. cxd4 Nxe5 21. Rc3 Nc6 22. Qh6 Qd6 23. Rh3 Rf7 24. Bh5 Qf8 25. Bxg6 Qxh6 26. Bxf7+ Kxf7 27. Rxh6 Kg7 28. Bf4 Nc8 29. Rd1 N8e7 30. Rd3 Ng6 31. Bd2 Rf8 32. Rdh3 Rh8 33. Bb4 Nf4 34. Re3 Rc8 35. Bd6 Ng6 36. Rc3 Kg8 37. Rch3 e5 38. dxe5 Ncxe5 39. Nb4 Nf7 40. Rxh7 Be8 41. Nxd5 Nxd6 42. Nf6+ Kf8 43. Nxe8 Kxe8 44. Rf3 Ne5 45. Re3 Rc1+ 46. Kf2 Ne4+ 47. Rxe4 fxe4 48. Ke3 Re1+ 49. Kd4 e3 50. Kxe5 e2 51. Rh3 Rd1 52. Re3 e1Q 53. Rxe1 Rxe1+ 54. Kf6 Kf8 55. h4 Rg1 56. h5 Rxg2 57. h6 Kg8 58. g6 Rf2+ 59. Ke7 Rxa2 60. g7 Rh2 61. Kd6 Rxh6+ 62. Kc5 Kxg7 63. Kb4 Kf7 64. Ka5 Ke7 65. b4 Rh4 0-1

[Event "Greifswald Springer op"]
[Site "Greifswald"]
[Date "2023.10.14"]
[Round "5"]
[White "Van Schaaik, Hans"]
[Black "Kruse, Johannes"]
[Result "1/2-1/2"]
[WhiteElo "1657"]
[BlackElo "1559"]
[PlyCount "152"]
[EventDate "2023.10.12"]
[EventType "swiss"]
[EventRounds "7"]
[EventCountry "GER"]
[SourceTitle "Mega2024 Update 01"]
[Source "Chessbase"]
[SourceDate "2023.11.12"]
[SourceVersion "1"]
[SourceVersionDate "2023.11.12"]
[SourceQuality "1"]

1. e4 c5 2. d3 Nc6 3. f4 e6 4. Nf3 Be7 5. Be2 d6 6. 0-0 Nf6 7. c3 0-0 8. Be3 Ng4 9. Qd2 Nxe3 10. Qxe3 b6 11. Nbd2 Bb7 12. Kh1 e5 13. f5 d5 14. Rad1 d4 15. Qf2 Bf6 16. Rg1 Kh8 17. g4 g5 18. h4 h6 19. hxg5 hxg5 20. Kg2 Kg7 21. Rh1 Qe7 22. Rh5 Rh8 23. Rdh1 Ba6 24. Nf1 Rad8 25. Rxh8 Rxh8 26. Rxh8 Kxh8 27. Ng3 Bg7 28. Nh5 f6 29. Nxg5 fxg5 30. f6 Bxf6 31. Nxf6 Bc8 32. Nd5 Qg7 33. Qf6 Qxf6 34. Nxf6 dxc3 35. bxc3 Kg7 36. Nd5 Kf7 37. Kf3 Be6 38. Bd1 Na5 39. a4 c4 40. Ke3 cxd3 41. Kxd3 Nb7 42. Ke3 Nc5 43. c4 Kg7 44. Kf3 Nd3 45. Ne3 Nb2 46. Bb3 Bd7 47. Nf5+ Kf6 48. Nd6 Nxa4 49. Bxa4 Bxa4 50. Nc8 Bb3 51. c5 bxc5 52. Nxa7 c4 53. Nb5 Ke7 54. Nc3 Kd6 55. Ke3 Kc5 56. Nd5 Bd1 57. Nf6 c3 58. Kd3 c2 59. Kd2 Kc4 60. Nh7 Kb3 61. Kc1 Kc3 62. Nxg5 Kd4 63. Ne6+ Kxe4 64. Nc5+ Kd5 65. Nd3 Ke4 66. Nf2+ Kf4 67. Nxd1 cxd1Q+ 68. Kxd1 Kxg4 69. Ke2 Kf4 70. Kf2 Ke4 71. Ke2 Kd4 72. Kd2 e4 73. Ke2 e3 74. Ke1 Kd3 75. Kd1 e2+ 76. Ke1 Ke3 1/2-1/2

[Event "Greifswald Springer op"]
[Site "Greifswald"]
[Date "2023.10.13"]
[Round "3"]
[White "Weimann, Olaf"]
[Black "Kruse, Johannes"]
[Result "0-1"]
[WhiteElo "1417"]
[BlackElo "1559"]
[PlyCount "114"]
[EventDate "2023.10.12"]
[EventType "swiss"]
[EventRounds "7"]
[EventCountry "GER"]
[SourceTitle "Mega2024 Update 01"]
[Source "Chessbase"]
[SourceDate "2023.11.12"]
[SourceVersion "1"]
[SourceVersionDate "2023.11.12"]
[SourceQuality "1"]

1. e4 c5 2. Nf3 Nc6 3. Bb5 e6 4. 0-0 Be7 5. Re1 d6 6. c3 Nf6 7. d4 cxd4 8. cxd4 0-0 9. Nc3 a6 10. Bd3 b6 11. a3 Bb7 12. Bb1 Qd7 13. Bg5 Rfd8 14. Qd3 h6 15. Bxf6 Bxf6 16. Ba2 Ne7 17. Rad1 Ng6 18. Qe3 d5 19. e5 Be7 20. Bb1 Rdc8 21. h3 Rc7 22. Bxg6 fxg6 23. Nh2 Rf8 24. Qd3 Qe8 25. Nf3 g5 26. Nh2 b5 27. b4 Qf7 28. f3 Rfc8 29. Ne2 Bc6 30. Rc1 Be8 31. Rxc7 Rxc7 32. Rc1 Rc4 33. Nf1 Qg6 34. Qxg6 Bxg6 35. Nd2 Rxc1+ 36. Nxc1 Be8 37. g4 a5 38. bxa5 Bxa3 39. Ndb3 Kf8 40. a6 Ke7 41. Kf2 Kd8 42. Nc5 Bxc5 43. dxc5 Kc7 44. Nb3 b4 45. Ke3 Bb5 46. Nd4 Bxa6 47. Nxe6+ Kc6 48. Nxg7 Kxc5 49. e6 Kd6 50. e7 Kxe7 51. Nf5+ Ke6 52. Nxh6 Bf1 53. Nf5 Bxh3 54. Nd4+ Kf6 55. Kd2 Bg2 56. Ke3 Bf1 57. Nc6 b3 0-1

[Event "Greifswald Springer op"]
[Site "Greifswald"]
[Date "2023.10.12"]
[Round "1"]
[White "Ibrahim Ahmed, Ahmed"]
[Black "Kruse, Johannes"]
[Result "0-1"]
[WhiteElo "1368"]
[BlackElo "1559"]
[PlyCount "102"]
[EventDate "2023.10.12"]
[EventType "swiss"]
[EventRounds "7"]
[EventCountry "GER"]
[SourceTitle "Mega2024 Update 01"]
[Source "Chessbase"]
[SourceDate "2023.11.12"]
[SourceVersion "1"]
[SourceVersionDate "2023.11.12"]
[SourceQuality "1"]

1. c4 e5 2. Nc3 Nf6 3. e3 d5 4. d4 exd4 5. Qxd4 Nc6 6. Qd1 Be6 7. b3 Be7 8. Be2 0-0 9. Nf3 dxc4 10. Qxd8 Rfxd8 11. bxc4 Bb4 12. Bd2 Rxd2 13. Nxd2 Bxc3 14. Bd3 Rd8 15. Ke2 Bxd2 16. Rhd1 Bb4 17. Rab1 Bc5 18. Rxb7 Bb6 19. c5 Ba5 20. Bb5 Rxd1 21. Kxd1 Bd7 22. Bxc6 Bxc6 23. Rxa7 Bb4 24. Rxc7 Ba4+ 25. Ke2 Kf8 26. Kf1 Nd5 27. Rc8+ Ke7 28. Kg1 Bd7 29. Rb8 Bxc5 30. Rb7 Nc3 31. Rb3 Nxa2 32. Rb2 Nb4 33. Rd2 Ke6 34. g3 Nd5 35. Kg2 Ke5 36. Rb2 Ke4 37. Rd2 Be6 38. Rc2 Bd6 39. Rc4+ Ke5 40. Rh4 Bf5 41. Kf3 g5 42. Ra4 g4+ 43. Kg2 Be4+ 44. Kg1 Nc3 45. Ra5+ Bd5 46. Kf1 Ke4 47. Ke1 Kf3 48. Kd2 Ne4+ 49. Kc2 Be6 50. Rh5 Nxf2 51. Rxh7 Bf5+ 0-1

[Event "Mecklenburg VP LL2 Ost 2223"]
[Site "Mecklenburg VP"]
[Date "2023.05.07"]
[Round "9.5"]
[White "Kruse, Johannes"]
[Black "Krueger, Alexander2222"]
[Result "0-1"]
[WhiteElo "1569"]
[BlackElo "2072"]
[PlyCount "184"]
[EventDate "2022.10.23"]
[EventType "team-tourn"]
[EventRounds "9"]
[EventCountry "GER"]
[SourceTitle "EXT 2024"]
[Source "ChessBase"]
[SourceDate "2023.10.10"]
[SourceVersion "1"]
[SourceVersionDate "2023.10.10"]
[SourceQuality "1"]
[WhiteTeam "Waren"]
[BlackTeam "Graal Mueritz"]
[WhiteTeamCountry "GER"]
[BlackTeamCountry "GER"]

1. e4 d6 2. d4 Nf6 3. Nc3 g6 4. Nf3 Bg4 5. h3 Bxf3 6. Qxf3 Bg7 7. Bc4 Nc6 8. Be3 0-0 9. 0-0 e5 10. d5 Ne7 11. Rad1 Nd7 12. Qe2 f5 13. f3 a6 14. a4 h6 15. b4 f4 16. Bf2 Kh7 17. Bb3 g5 18. Nb1 Ng6 19. c4 Nf6 20. Nc3 Qd7 21. Kh2 h5 22. Rh1 Bh6 23. Kg1 Rf7 24. Kf1 g4 25. hxg4 hxg4 26. Qd3 g3 27. Be1 Kg7 28. Ke2 Bg5 29. Bd2 Nh4 30. Rdg1 Rh8 31. Kd1 Kg6 32. Qf1 Rfh7 33. Ne2 Rh5 34. Bc2 Kg7 35. Kc1 Ng8 36. Nc3 Ne7 37. Bd3 Neg6 38. Qd1 Rc8 39. Kb2 Rhh8 40. Qe2 Ne7 41. Ka3 Nhg6 42. Bc1 Nh4 43. Ka2 b6 44. Ba3 Nhg6 45. Rb1 Ra8 46. c5 Rxh1 47. Rxh1 dxc5 48. bxc5 bxc5 49. Bxa6 Qd6 50. Bb5 c6 51. Bxc6 Nxc6 52. dxc6 Qd4 53. Qb2 Be7 54. Rd1 Qc4+ 55. Qb3 Qxb3+ 56. Kxb3 Rc8 57. Rd7 Rxc6 58. Nd5 Kf8 59. Kc4 Ke8 60. Rc7 Rxc7 61. Nxc7+ Kd7 62. Nd5 Bd6 63. Bxc5 Bxc5 64. Kxc5 Nh4 65. a5 Nxg2 66. a6 Ne1 67. a7 g2 68. a8Q g1Q+ 69. Kb5 Qf1+ 70. Kb6 Qf2+ 71. Kb7 Qb2+ 72. Nb6+ Ke7 73. Qc8 Nxf3 74. Qc7+ Kf6 75. Qd8+ Kg6 76. Qe8+ Kg5 77. Qe7+ Kg4 78. Qg7+ Kh3 79. Ka7 Qa3+ 80. Kb7 Qb4 81. Qh7+ Kg3 82. Kc7 Qc5+ 83. Kb7 Nd4 84. Nd5 Qc6+ 85. Kb8 Qe8+ 86. Kb7 Qc6+ 87. Kb8 Qd6+ 88. Kc8 Qe6+ 89. Kb7 f3 90. Qg7+ Kf2 91. Nf4 Qc6+ 92. Kb8 Qd6+ 0-1

[Event "Mecklenburg VP LL2 Ost 2223"]
[Site "Mecklenburg VP"]
[Date "2023.02.26"]
[Round "6.4"]
[White "Kruse, Johannes"]
[Black "Wernike, Thomas"]
[Result "1-0"]
[WhiteElo "1569"]
[BlackElo "1385"]
[PlyCount "43"]
[EventDate "2022.10.23"]
[EventType "team-tourn"]
[EventRounds "9"]
[EventCountry "GER"]
[SourceTitle "EXT 2024"]
[Source "ChessBase"]
[SourceDate "2023.10.10"]
[SourceVersion "1"]
[SourceVersionDate "2023.10.10"]
[SourceQuality "1"]
[WhiteTeam "Waren"]
[BlackTeam "Gryps SV"]
[WhiteTeamCountry "GER"]
[BlackTeamCountry "GER"]

1. e4 e5 2. Nf3 d6 3. d4 Nf6 4. Nc3 Nbd7 5. Bc4 Be7 6. dxe5 dxe5 7. Bxf7+ Kxf7 8. Ng5+ Kg8 9. Ne6 Qe8 10. Nxc7 Qd8 11. Nxa8 b6 12. Nd5 Nxd5 13. Qxd5+ Kf8 14. 0-0 Nf6 15. Qc6 Ne8 16. Be3 Qd7 17. Qxd7 Bxd7 18. f4 Kg8 19. fxe5 Bc6 20. Nxb6 axb6 21. Bxb6 Bxe4 22. Rf2 1-0

[Event "Mecklenburg VP LL2 Ost 2223"]
[Site "Mecklenburg VP"]
[Date "2022.10.23"]
[Round "1.6"]
[White "Kruse, Johannes"]
[Black "Ahmed Ibrahim, Labed"]
[Result "1/2-1/2"]
[WhiteElo "1569"]
[BlackElo "1596"]
[PlyCount "51"]
[EventDate "2022.10.23"]
[EventType "team-tourn"]
[EventRounds "9"]
[EventCountry "GER"]
[SourceTitle "EXT 2024"]
[Source "ChessBase"]
[SourceDate "2023.10.10"]
[SourceVersion "1"]
[SourceVersionDate "2023.10.10"]
[SourceQuality "1"]
[WhiteTeam "Waren"]
[BlackTeam "Motor Wolgast"]
[WhiteTeamCountry "GER"]
[BlackTeamCountry "GER"]

1. e4 c5 2. Nf3 Nc6 3. d4 cxd4 4. Nxd4 Nf6 5. Nc3 e6 6. a3 Be7 7. Be2 0-0 8. 0-0 a6 9. Be3 Qc7 10. Bf3 Rd8 11. Qe2 Rb8 12. Rfd1 d5 13. exd5 Nxd5 14. Nxd5 exd5 15. Rd2 Ne5 16. Bf4 Nxf3+ 17. Qxf3 Bd6 18. Bxd6 Rxd6 19. Re1 Bd7 20. Re7 Rf8 21. Nf5 Qd8 22. Re5 Bxf5 23. Rxf5 Qb6 24. c3 d4 25. cxd4 Rxd4 26. Rd5 1/2-1/2

[Event "Mecklenburg VP-ch U14"]
[Site "Malchow"]
[Date "2019.02.02"]
[Round "1.8"]
[White "Hartig, Maximilian"]
[Black "Kruse, Johannes"]
[Result "1/2-1/2"]
[WhiteElo "993"]
[BlackElo "1454"]
[PlyCount "115"]
[EventDate "2019.02.02"]
[EventType "swiss"]
[EventRounds "7"]
[EventCountry "GER"]
[SourceTitle "EXT 2022"]
[Source "ChessBase"]
[SourceDate "2021.10.06"]
[SourceVersion "1"]
[SourceVersionDate "2021.10.06"]
[SourceQuality "1"]

1. e4 c5 2. d4 cxd4 3. Qxd4 Nc6 4. Qe3 Nf6 5. Nc3 e5 6. Nf3 Ng4 7. Qd3 Bc5 8. Be3 Nxe3 9. fxe3 Nb4 10. Qd2 Bxe3 11. Qe2 d6 12. a3 Qa5 13. Qb5+ Qxb5 14. Bxb5+ Nc6 15. Nd5 Bb6 16. 0-0-0 0-0 17. Nxb6 axb6 18. Rxd6 Rd8 19. Rxd8+ Nxd8 20. Rd1 Bg4 21. h3 Bxf3 22. gxf3 Nc6 23. Bxc6 bxc6 24. Rd6 Rc8 25. a4 Kf8 26. Rd7 Rb8 27. Rc7 c5 28. a5 bxa5 29. Rxc5 a4 30. Rxe5 Ra8 31. Kb1 f6 32. Rc5 a3 33. bxa3 Rxa3 34. Rc8+ Ke7 35. Rc7+ Kf8 36. c3 h5 37. h4 g5 38. Kb2 Ra5 39. hxg5 Rxg5 40. f4 Rg4 41. Rh7 h4 42. e5 Kg8 43. Rh5 Kg7 44. exf6+ Kxf6 45. f5 Rg5 46. Rxh4 Rxf5 47. c4 Rc5 48. Kb3 Ke6 49. Rd4 Rc6 50. Kb4 Rd6 51. Rxd6+ Kxd6 52. Kb5 Kc7 53. c5 Kb7 54. c6+ Kc7 55. Kc5 Kc8 56. Kd6 Kd8 57. c7+ Kc8 58. Kc6 1/2-1/2